000 00782nam a2200241Ia 4500
003 OSt
005 20220926001430.0
006 a|||||r|||| 00| 0
007 ta
008 220923b |||||||| |||| 00| 0 eng d
037 _cGeneral Book
040 _aRTL
_cRTL
_beng
041 _2eng
_aeng
082 _aX93.2.N73<--N72t, L3/GD
110 _aINDIA, SHIPING & TRANSPORT (Ministry of --)
_9303965
245 0 _aCommittee on public undertaking (1972-73)
_b Twenty- eighth report.
260 _a New Delhi
_bLok Sabha Secretariat
_c1973
300 _axi,335p.
_ccm.
500 _aAppendix: 247-335p.
700 _aINDIA, SHIPING & TRANSPORT (Ministry of --)
_9303966
942 _hX93.2.N73<--N72t, L3/GD
_cGB
_2CC
999 _c601542
_d601542